O literatúre so spisovateľkou Hanou Zelinovou cez prestávku v zasadaní SNR

Podrobná bibliografia
Hlavní autori: Bučeková, Alena (Autor, Tazateľ), Zelinová, Hana, 1914-2004 (Autor)
Médium: Článok
Jazyk:slovenčina
Predmet:

MARC

LEADER 00000nab a2200000 a 4500
001 vtls000434217
003 SK-MaSNL
005 20260302234025.0
008 160215c1991 xo 0 slo
015 |a SNBRB19rr/mm-uuuuu 
035 |a CL0434345 
040 |a SNKBUCL  |b slo  |c SNKBUCL  |e AACR2 
041 0 |a slo 
044 |a xo  |c SK 
080 |a 82:929:885.4  |2 1981 
080 |a 929  |2 1981 
080 |a 885.4  |2 1981 
080 |a 929 Zelinová, Hana  |2 1981 
100 1 |a Bučeková, Alena  |4 aut  |4 ivr  |9 765393 
245 1 0 |a O literatúre  |b so spisovateľkou Hanou Zelinovou cez prestávku v zasadaní SNR  |c Alena Bučeková 
600 1 7 |a Zelinová, Hana,  |d 1914-2004  |2 snkbucl  |9 101300 
655 7 |a rozhovory  |2 snkbucl  |9 31831 
655 7 |a články z odboru literárna veda a krásna literatúra  |2 snkbucl  |9 770045 
655 7 |a články z novín a časopisov  |2 snkbucl  |9 267496 
700 1 |a Zelinová, Hana,  |d 1914-2004  |4 aut  |4 ive  |9 101300 
773 0 |t Večerník  |g Roč. 36, č. 225 (19. 11. 1991), s. 5 
850 |a Slovenská národná knižnica v Martine  |a MTA001 
852 |a SNK  |b KIS3GCP 
958 |a BX 
958 |a RK 
958 |a LX 
992 |a RBX 
999 |c 1548741  |d 1550671